000 01566nam0a22003611 4500
001 RU\NLR\bibl\1020511
005 20260405193957.0
010 _a5-85803-325-3
_91000
021 _aRU
_b2007-14507
_9777
035 _a(NLR Aleph) 001008050
090 _a620788
_c620788
100 _a20061212d2006 |||y0rusy50 ca
101 0 _arus
102 _aRU
105 _aa |||||||||
200 1 _aЛюди и боги Страны снегов
_eочерки истории Тибета и его культуры
_fЕ.И. Кычанов, Л.С. Савицкий
_gРос. акад. наук, Ин-т востоковедения, С.-Петерб. фил.
210 _aСанкт-Петербург
_cПетербурское востоковедение
_d2006
215 _a431,[1] с.,[7] л. ил.
_d22
225 1 _aМифы, эпос, религии Востока
_iBibliotheca universalia
320 _aБиблиогр.: с. 427-431 и в подстроч. примеч.
607 _aТибет, район (Центральная Азия)
_xИстория
_92130706
_3RU\NLR\auth\661285471
686 _aТ3(5Кит-6Т)0,02
700 1 _4070
_8rus
_7ca
_aКычанов
_bЕ. И.
_f1932-2013
_gЕвгений Иванович
_3RU\NLR\AUTH\7785729
_968657
701 1 _aСавицкий
_bЛ. С.
_4070
801 0 _aRU
_bNLR
_c20061212
_grcr
801 1 _aRU
_bNLR
_c20061212
830 _aавт. по ЭК
852 _aNLR
_bОЛСАА-сл-спр
_j3-4403
942 _cBOOK
980 _aNB
980 1 _aSL_SPR